| 000 | 00480nam a2200193Ia 4500 | ||
|---|---|---|---|
| 005 | 20250423095611.0 | ||
| 008 | 250422s9999 xx 000 0 und d | ||
| 020 | _a9780750605373 | ||
| 050 | _aRJ 421 .J67/ | ||
| 100 | _aJordan, S. C. | ||
| 245 | 0 | _aHeart disease in paediatrics | |
| 250 | _a3rd ed. | ||
| 260 | _aLondon | ||
| 260 | _bUniversity Press, Cambridge | ||
| 260 | _c1991 | ||
| 300 | _a364 p | ||
| 650 | _aHeart--Diseases. Pediatric cardiology. | ||
| 942 | _cBK | ||
| 999 |
_c30766 _d30766 |
||